Statistics for Countries, Chinese Provinces or US States by GDP

Click here to take the quiz!

General Stats

  • This quiz has been taken 31 times
  • The average score is 37 of 51

Answer Stats

HintAnswer% Correct
618 BillionBeijing
100%
3,598 BillionCalifornia
100%
2,053 BillionNew York
100%
663 BillionShanghai
95%
2,782 BillionFrance
90%
4,072 BillionGermany
90%
1,919 BillionGuangdong
90%
4,231 BillionJapan
90%
2,240 BillionRussia
90%
3,070 BillionUnited Kingdom
90%
1,389 BillionFlorida
86%
2,010 BillionItaly
86%
1,414 BillionMexico
86%
1,397 BillionSpain
86%
2,355 BillionTexas
86%
1,675 BillionAustralia
81%
1,920 BillionBrazil
81%
755 BillionGeorgia
81%
1,033 BillionIllinois
81%
3,385 BillionIndia
81%
620 BillionMichigan
81%
725 BillionWashington
81%
2,139 BillionCanada
76%
1,319 BillionIndonesia
76%
923 BillionPennsylvania
76%
688 BillionPoland
76%
585 BillionSweden
76%
807 BillionSwitzerland
76%
991 BillionNetherlands
71%
1,108 BillionSaudi Arabia
71%
1,665 BillionSouth Korea
71%
905 BillionTurkey
71%
649 BillionVirginia
71%
632 BillionArgentina
67%
578 BillionBelgium
67%
688 BillionMassachusetts
67%
730 BillionNorth Carolina
67%
822 BillionOhio
67%
843 BillionSichuan
67%
629 BillionHebei
57%
745 BillionNew Jersey
57%
1,299 BillionShandong
57%
789 BillionFujian
52%
1,826 BillionJiangsu
52%
579 BillionNorway
52%
798 BillionHubei
48%
723 BillionHunan
48%
529 BillionIreland
48%
669 BillionAnhui
43%
912 BillionHenan
43%
1,155 BillionZhejiang
43%

Score Distribution

Percentile by Number Answered

Percent of People with Each Score

Your Score History

You have not taken this quiz